003120000a22001090004500090001700000245004500017041001400062100003600076942001300112773006000125999001700185 aASbSeriadas10aCiperacea nueva de los Andes de Colombia0 aEspañol1 aMora Osejo, Luis Eduardo912168 cARTICULO1 tMutisia: Acta Botánica Colombiana3893h29q1-4d1966 c15295d15295